|
|
|
|
| LEADER |
00000nam a2200000 a 4500 |
| 001 |
vtls001072834 |
| 003 |
SK-MaSNL |
| 005 |
20260319123358.0 |
| 008 |
250414s1993 xo slo |
| 015 |
|
|
|a SNBA1993/10
|
| 020 |
|
|
|a 8022705721
|
| 035 |
|
|
|a SNK000015665
|
| 035 |
|
|
|a urn:nbn:sk:snk-amlnks
|
| 035 |
|
|
|a urn:nbn:sk:snk-am00bx6d
|
| 035 |
|
|
|a 6664D455-EF0F-4FD0-9976-990C1DCC0667
|
| 040 |
|
|
|a SNK
|b slo
|c SNK
|e AACR2
|
| 041 |
0 |
|
|a slo
|
| 044 |
|
|
|a xo
|c SK
|
| 080 |
|
|
|a 621.38(075.8)
|2 1981
|
| 100 |
1 |
|
|a Hruškovic, Miloslav,
|d 1943-
|4 aut
|9 1635165
|
| 245 |
1 |
0 |
|a Obvody spotrebnej elektroniky
|c Miloslav Hruškovič
|
| 250 |
|
|
|a 2. vyd., 1. dotl.
|
| 260 |
|
|
|a Bratislava
|b Slovenská technická univerzita
|c 1993
|e Bratislava
|f Vydavateľstvo STU
|
| 300 |
|
|
|a 324 s., 23,158 AH, 23,542 VH
|b Grafy, sch., lit. 79 zázn. v angl., češ., nem., ruš. a slov.
|c 29 cm
|
| 366 |
|
|
|e 200 výt.
|
| 500 |
|
|
|a Schválil rektor SVŠT v Bratislave ako skriptá
|
| 655 |
|
7 |
|a učebnice vysokých škôl
|2 SNKPH
|9 70191
|
| 852 |
|
|
|a Slovenská národná knižnica
|
| 919 |
|
|
|a 80-227-0572-1
|
| 954 |
|
|
|a elektronika spotrebná
|a obvody elektronické
|
| 958 |
0 |
7 |
|a RM
|
| 958 |
0 |
7 |
|a NB
|
| 958 |
0 |
7 |
|a UV
|
| 999 |
|
|
|c 619313
|d 621243
|
| 952 |
|
|
|t P60, <04>, [BOOK], {604}
|a SNK
|b SNK
|y VYP
|7 0
|p 17A0084937
|o snkSB 51522 D1
|0 0
|1 0
|4 0
|d 1997-08-12
|l 0
|r 2004-12-31 00:00:00
|w 2026-02-23
|
| 952 |
|
|
|a SNK
|b SNK
|y PREZ
|7 0
|p 17A0904476
|o snkSB 51522
|0 0
|1 0
|4 0
|d 2012-07-19
|f 1
|l 0
|r 2025-03-12 00:00:00
|w 2026-02-23
|